[Event "Tenerife-chT Primera 1920"]
[Site "Tenerife "]
[Date "2020.03.07"]
[Round "8.3"]
[White "Riutort Aguilar, Francisco"]
[Black "Rodriguez Acosta, Raul"]
[Result "0-1"]
[WhiteElo "1432"]
[BlackElo "1522"]
[PlyCount "93"]
[EventDate "2019.11.30"]
[EventType "team-tourn"]
[EventRounds "14"]
[EventCountry "ESP"]
[SourceTitle "CBM 195 Extra"]
[Source "ChessBase"]
[SourceDate "2020.05.31"]
[SourceVersion "1"]
[SourceVersionDate "2020.05.31"]
[SourceQuality "1"]
[WhiteTeam "El Sauzal Libreria Barco II"]
[BlackTeam "La Victoria 94"]
[WhiteTeamCountry "ESP"]
[BlackTeamCountry "ESP"]

1. d4 Nf6 2. c4 d6 3. Nc3 g6 4. e3 Bg7 5. Bd3 0-0 6. Nge2 e5 7. 0-0 Nc6 8. a3 Re8 9. Qc2 d5 10. cxd5 Nxd5 11. Nxd5 Qxd5 12. Be4 Qd6 13. d5 Ne7 14. Rd1 Bf5 15. Bxf5 Nxf5 16. e4 Nd4 17. Qd3 Rad8 18. Be3 c5 19. Rac1 b6 20. Rf1 f5 21. f3 f4 22. Bf2 g5 23. h3 Qg6 24. Nc3 h5 25. Nb5 g4 26. Bxd4 gxh3 27. Rf2 exd4 28. Qd2 Rd7 29. Kh1 Qg3 30. gxh3 Qxh3+ 31. Kg1 Qg3+ 32. Kf1 h4 33. Qe2 a6 34. Rg2 Qh3 35. b4 axb5 36. bxc5 Rxd5 37. cxb6 d3 38. Qf2 d2 39. Rd1 Rd3 40. Ke2 Red8 41. b7 Re3+ 42. Kf1 Rxf3 43. b8Q Rxf2+ 44. Kxf2 Rxb8 45. Rxd2 Qe3+ 46. Kf1 Rc8 47. Rde2 0-1

[Event "Tenerife-chT Segunda-A 1819"]
[Site "Tenerife"]
[Date "2019.03.16"]
[Round "10.2"]
[White "Hernandez Gutierrez, Acoraide"]
[Black "Riutort Aguilar, Francisco"]
[Result "1/2-1/2"]
[WhiteElo "1281"]
[BlackElo "1412"]
[PlyCount "41"]
[EventDate "2018.11.24"]
[EventType "team-tourn"]
[EventRounds "14"]
[EventCountry "ESP"]
[SourceTitle "CBM 189 Extra"]
[Source "ChessBase"]
[SourceDate "2019.06.03"]
[SourceVersion "1"]
[SourceVersionDate "2019.06.03"]
[SourceQuality "1"]
[WhiteTeam "Playa San Juan"]
[BlackTeam "El Sauzal Libreria Barco"]
[WhiteTeamCountry "ESP"]
[BlackTeamCountry "ESP"]

1. d4 d5 2. Bf4 e6 3. e3 Nf6 4. Nf3 Be7 5. Bd3 c5 6. c3 c4 7. Bc2 Bd7 8. h3 Nc6 9. Nbd2 b5 10. 0-0 0-0 11. e4 dxe4 12. Nxe4 Nxe4 13. Bxe4 Rc8 14. Ne5 Nxe5 15. Bxe5 Bc6 16. Qe2 Bxe4 17. Qxe4 Bd6 18. Rad1 Qc7 19. Rfe1 Bxe5 20. Qxe5 Qxe5 21. Rxe5 1/2-1/2

[Event "Tenerife-chT Segunda-A 1819"]
[Site "Tenerife"]
[Date "2018.12.01"]
[Round "2.2"]
[White "Sala Marin, Antonio Javier"]
[Black "Riutort Aguilar, Francisco"]
[Result "1-0"]
[WhiteElo "1632"]
[BlackElo "1412"]
[PlyCount "31"]
[EventDate "2018.11.24"]
[EventType "team-tourn"]
[EventRounds "14"]
[EventCountry "ESP"]
[SourceTitle "CBM 189 Extra"]
[Source "ChessBase"]
[SourceDate "2019.06.03"]
[SourceVersion "1"]
[SourceVersionDate "2019.06.03"]
[SourceQuality "1"]
[WhiteTeam "Laguna Cotolec"]
[BlackTeam "El Sauzal Libreria Barco"]
[WhiteTeamCountry "ESP"]
[BlackTeamCountry "ESP"]

1. d4 d5 2. Nf3 Nc6 3. e3 Nf6 4. Bd3 e6 5. h3 Be7 6. 0-0 0-0 7. Nbd2 Qd6 8. e4 dxe4 9. Nxe4 Nxe4 10. Bxe4 e5 11. Bxc6 Qxc6 12. Nxe5 Qd6 13. Bf4 h6 14. c3 b6 15. Re1 Re8 16. Qf3 1-0

[Event "Benidorm FEDC op 20th"]
[Site "Benidorm"]
[Date "2018.06.13"]
[Round "4"]
[White "Riutort Aguilar, Francisco"]
[Black "Morales Rubiella, Albert"]
[Result "1/2-1/2"]
[WhiteElo "1455"]
[BlackElo "1391"]
[PlyCount "54"]
[EventDate "2018.06.10"]
[EventType "swiss"]
[EventRounds "7"]
[EventCountry "ESP"]
[SourceTitle "CBM 184 Extra"]
[Source "ChessBase"]
[SourceDate "2018.06.28"]
[SourceVersion "1"]
[SourceVersionDate "2018.06.28"]
[SourceQuality "1"]

1. e4 e5 2. Nf3 Nc6 3. d4 exd4 4. Nxd4 Bc5 5. Nxc6 bxc6 6. Bc4 Ne7 7. Qh5 d5 8. Bb3 0-0 9. 0-0 Bb6 10. Rd1 Re8 11. Nc3 Bb7 12. Bg5 Qd6 13. Kh1 Bxf2 14. Rf1 f6 15. Rxf2 fxg5 16. Qxg5 Rf8 17. Raf1 Rxf2 18. Rxf2 Rf8 19. Rf3 Rxf3 20. gxf3 h6 21. Qh5 Qf4 22. Ne2 Qf7 23. Qg4 Qg6 24. Qd7 Qd6 25. Qe8+ Kh7 26. Qh5 dxe4 27. Ng1 exf3 1/2-1/2

[Event "ESP-ch FEDC 26th"]
[Site "Ciudad Real"]
[Date "2017.11.18"]
[Round "7.24"]
[White "Riutort Aguilar, Francisco"]
[Black "Sanchez Ruiz, Justo"]
[Result "0-1"]
[WhiteElo "1483"]
[BlackElo "1567"]
[PlyCount "127"]
[EventDate "2017.11.12"]
[EventType "swiss"]
[EventRounds "8"]
[EventCountry "ESP"]
[SourceTitle "EXT 2024"]
[Source "ChessBase"]
[SourceDate "2023.10.10"]
[SourceVersion "1"]
[SourceVersionDate "2023.10.10"]
[SourceQuality "1"]

1. d4 e6 2. c4 f5 3. Nc3 Nf6 4. Bg5 Be7 5. Nf3 0-0 6. e3 b6 7. Be2 Bb7 8. 0-0 Qe8 9. Bf4 Bd8 10. Nb5 d6 11. Rc1 Na6 12. Nd2 e5 13. dxe5 dxe5 14. Bg5 Qg6 15. Bf3 e4 16. Bxf6 exf3 17. Nxf3 Qxf6 18. b3 Be7 19. Qe2 Rfd8 20. Nfd4 c5 21. Nf3 Qg6 22. Rfd1 h5 23. Ne1 Nb4 24. a3 Nc6 25. Nc7 Rxd1 26. Rxd1 Rd8 27. Nd5 Bd6 28. g3 h4 29. Ng2 hxg3 30. hxg3 Qg4 31. Qc2 Ne5 32. Nh4 Nf3+ 33. Nxf3 Qxf3 34. Kf1 Qe4 35. Qxe4 fxe4 36. Ke2 Kf7 37. Rh1 Bxd5 38. cxd5 Be7 39. Rd1 Rd6 40. f3 exf3+ 41. Kxf3 Rf6+ 42. Ke2 Bd6 43. g4 Be5 44. Rd3 Kg6 45. Rd1 Kg5 46. Rg1 Rd6 47. e4 Kf4 48. Kd3 Kf3 49. g5 Kf2 50. Rg4 Rg6 51. a4 a6 52. Kd2 Kf3 53. Rh4 Bf4+ 54. Kd3 Rxg5 55. Rh3+ Rg3 56. Rh8 Rg6 57. Rh3+ Kg4 58. Rh1 Kg5 59. Rg1+ Kf6 60. Rf1 Ke5 61. Re1 Rg3+ 62. Kc4 Kd6 63. b4 cxb4 64. Kxb4 0-1

[Event "ESP-ch FEDC 26th"]
[Site "Ciudad Real"]
[Date "2017.11.14"]
[Round "3.25"]
[White "Riutort Aguilar, Francisco"]
[Black "Montilla Bejarano, Carmen"]
[Result "1-0"]
[WhiteElo "1483"]
[BlackElo "1165"]
[PlyCount "73"]
[EventDate "2017.11.12"]
[EventType "swiss"]
[EventRounds "8"]
[EventCountry "ESP"]
[SourceTitle "EXT 2024"]
[Source "ChessBase"]
[SourceDate "2023.10.10"]
[SourceVersion "1"]
[SourceVersionDate "2023.10.10"]
[SourceQuality "1"]

1. d4 d5 2. e3 Nc6 3. c4 Nf6 4. Nc3 e6 5. Bd3 Bb4 6. Qc2 dxc4 7. Bxc4 Qd6 8. a3 Bxc3+ 9. Qxc3 Nd5 10. Qc2 Bd7 11. Nf3 f6 12. Bd2 0-0-0 13. Bd3 g6 14. b4 Nb8 15. 0-0 Qc6 16. Qb2 Nb6 17. Rfc1 Qd6 18. b5 c6 19. a4 c5 20. Rxc5+ Nc6 21. bxc6 bxc6 22. Bb4 Kb8 23. Ra5 Qc7 24. Bc5 Bc8 25. Rb1 Bb7 26. Bxb6 axb6 27. Qxb6 Qxb6 28. Rxb6 Kc7 29. Rb1 Ra8 30. Rxa8 Rxa8 31. Ra1 Ra5 32. Nd2 Rd5 33. Bc4 Rd8 34. Nb3 e5 35. h3 exd4 36. Nxd4 Ba8 37. Ne6+ 1-0

[Event "ESP-ch FEDC 26th"]
[Site "Ciudad Real"]
[Date "2017.11.13"]
[Round "2.17"]
[White "Balmiza Jimenez, Francisco"]
[Black "Riutort Aguilar, Francisco"]
[Result "1-0"]
[WhiteElo "1708"]
[BlackElo "1483"]
[PlyCount "102"]
[EventDate "2017.11.12"]
[EventType "swiss"]
[EventRounds "8"]
[EventCountry "ESP"]
[SourceTitle "EXT 2024"]
[Source "ChessBase"]
[SourceDate "2023.10.10"]
[SourceVersion "1"]
[SourceVersionDate "2023.10.10"]
[SourceQuality "1"]

1. Nf3 d5 2. d4 Nf6 3. Bf4 e6 4. e3 Nc6 5. c3 Bd6 6. Bg5 Be7 7. Bd3 h6 8. Bh4 g5 9. Bg3 Nh5 10. Be5 Nxe5 11. Nxe5 Ng7 12. Nd2 Bd6 13. Bb5+ Ke7 14. Qf3 Bxe5 15. dxe5 c6 16. Qf6+ Kd7 17. Qxf7+ Qe7 18. Qxe7+ Kxe7 19. Bd3 Bd7 20. 0-0 Raf8 21. f4 g4 22. g3 Be8 23. Rae1 h5 24. e4 Bg6 25. Bb1 h4 26. gxh4 Rxh4 27. exd5 Bxb1 28. d6+ Kd7 29. Nxb1 Rfh8 30. Re2 Nf5 31. Rff2 g3 32. Rg2 gxh2+ 33. Rxh2 Rg8+ 34. Rhg2 Rxg2+ 35. Kxg2 Rxf4 36. Nd2 c5 37. Re4 Nh4+ 38. Kg3 Rxe4 39. Nxe4 Ng6 40. Nxc5+ Kc8 41. Nd3 b6 42. Kg4 Kd7 43. Kg5 Nf8 44. Kf6 Nh7+ 45. Kg6 Nf8+ 46. Kg7 Ke8 47. c4 Nd7 48. b4 Nb8 49. c5 Kd7 50. Kf7 Nc6 51. b5 Nd4 1-0

[Event "Almunecar FEDC op 19th"]
[Site "Almunecar"]
[Date "2017.10.04"]
[Round "5.15"]
[White "Jimenez Mahillo, David"]
[Black "Riutort Aguilar, Francisco"]
[Result "1-0"]
[WhiteElo "1326"]
[BlackElo "1526"]
[PlyCount "60"]
[EventDate "2017.09.30"]
[EventType "swiss"]
[EventRounds "7"]
[EventCountry "ESP"]
[SourceTitle "EXT 2024"]
[Source "ChessBase"]
[SourceDate "2023.10.10"]
[SourceVersion "1"]
[SourceVersionDate "2023.10.10"]
[SourceQuality "1"]

1. e4 c5 2. Nc3 d6 3. f4 Nc6 4. Nf3 Bg4 5. h3 Bd7 6. Bc4 e6 7. d3 Be7 8. 0-0 Nf6 9. Qe1 a6 10. a3 b5 11. Ba2 Qb6 12. e5 Ng8 13. f5 d5 14. fxe6 Bxe6 15. Bxd5 Bxd5 16. Nxd5 Qb7 17. Bg5 Nd4 18. Nxe7 Nxe7 19. Nxd4 cxd4 20. Qf2 Nc6 21. Qg3 h6 22. Bd2 g5 23. Rae1 0-0-0 24. Qg4+ Kb8 25. e6 fxe6 26. Rxe6 Qd7 27. Rff6 Rc8 28. Rxh6 Rxh6 29. Rxh6 Qxg4 30. hxg4 Rg8 1-0

[Event "Almunecar FEDC op 17th"]
[Site "Almunecar"]
[Date "2016.09.28"]
[Round "4"]
[White "Knafo, Michael"]
[Black "Riutort Aguilar, Francisco"]
[Result "1/2-1/2"]
[WhiteElo "1780"]
[BlackElo "1525"]
[PlyCount "40"]
[EventDate "2016.09.25"]
[EventType "swiss"]
[EventRounds "7"]
[EventCountry "ESP"]
[SourceTitle "EXT 2017"]
[Source "ChessBase"]
[SourceDate "2016.10.25"]
[SourceVersion "1"]
[SourceVersionDate "2016.10.25"]
[SourceQuality "1"]

1. e4 c5 2. Nc3 Nc6 3. g3 d6 4. Bg2 Nf6 5. f4 Bg4 6. Nf3 Nd4 7. 0-0 Nxf3+ 8. Bxf3 Bxf3 9. Qxf3 Qc7 10. d3 a6 11. Be3 e6 12. Rad1 Be7 13. f5 0-0 14. fxe6 fxe6 15. Qe2 Rf7 16. Rf2 Raf8 17. Rdf1 Nd7 18. Rxf7 Rxf7 19. Rxf7 Kxf7 20. Qh5+ Kg8 1/2-1/2

[Event "Santa Cruz Clasificatorio Once"]
[Site "Santa Cruz de Tenerife"]
[Date "2016.??.??"]
[Round "5.3"]
[White "Riutort Aguilar, Francisco"]
[Black "Dos Reis Cabrera, Jose Manuel"]
[Result "1-0"]
[WhiteElo "1525"]
[BlackElo "1203"]
[PlyCount "96"]
[EventDate "2016.09.02"]
[EventType "tourn"]
[EventRounds "6"]
[EventCountry "ESP"]
[SourceTitle "EXT 2024"]
[Source "ChessBase"]
[SourceDate "2023.10.10"]
[SourceVersion "1"]
[SourceVersionDate "2023.10.10"]
[SourceQuality "1"]

1. d4 d5 2. c4 c6 3. Nc3 Nf6 4. Bg5 Nbd7 5. Nf3 e6 6. e3 Be7 7. Bd3 0-0 8. Qc2 c5 9. Bxf6 Nxf6 10. Ng5 h6 11. Nf3 cxd4 12. Nxd4 e5 13. Nb3 d4 14. Nd1 Bb4+ 15. Kf1 Re8 16. a3 Bf8 17. Nd2 dxe3 18. Nxe3 Bc5 19. Re1 Ng4 20. Nxg4 Bxg4 21. f3 Bh5 22. Ne4 Bd4 23. Ng3 Qg5 24. Ne4 Qd8 25. Ng3 Bg6 26. Bxg6 fxg6 27. b3 Re6 28. Ne4 Qf8 29. Ke2 Qf4 30. Qc1 Qh4 31. Ng3 e4 32. Nxe4 Qe7 33. Kd1 Qd7 34. g3 Qe7 35. Kc2 Rc8 36. Kb1 a6 37. Ka2 b6 38. Qd1 Rd8 39. Qc2 b5 40. cxb5 axb5 41. b4 Ra8 42. Rd1 Qxb4 43. Qb3 Qe7 44. Rxd4 Kh7 45. a4 bxa4 46. Rxa4 Rxa4+ 47. Qxa4 Qd7 48. Qxd7 Ra6+ 1-0